| 000 | 005280000a22001810004500 | ||
|---|---|---|---|
| 003 | MACL | ||
| 005 | 20160330120203.0 | ||
| 008 | 160330b xxu||||| |||| 00| 0 eng d | ||
| 040 |
_aMACL _cMACL |
||
| 041 | _aHindi | ||
| 082 | _a294 | ||
| 100 |
_aगार्ह ऋषि _948838 |
||
| 245 | _aदिग्वेद | ||
| 260 |
_bश्री दर्शन विनोद शर्मा एवं बन्धुगण _c1998 _aपटना |
||
| 350 | _a60 | ||
| 650 |
_aReligion _948839 |
||
| 942 |
_cHIN _k294 _2ddc |
||
| 999 |
_c17675 _d17675 |
||